00493nam a2200157 a 4500008004100000020002600041100001800067245009800085260005000183300002100233504004100254650001300295003000100308005001700309040000900326  a9780224100182 (pbk. )1 aHotten, John. 4aThe meaning of cricket or How to Waste Your LIfe on an Inconsequential Sport /cJohn Hotten. aUnited kingdom :bYellow Jersey Press,c2016. a224 p. ;c24 cm. aIncludes bibliographical references. 1aCricket.20230123141107.0 cNUST